Statistics for NBA quizes

Click here to take the quiz!

General Stats

  • This quiz has been taken 323 times
  • The average score is 12 of 15

Answer Stats

QuestionAnswer% Correct
Which player is married to Ayesha curryStepen curry
95%
What team is lebron James on?Lakers
94%
Where is Giannis Antetokounmpo fromGreece
93%
Did Wilt Chamberlain score 100 points in a single game?Yes
93%
Did stephen curry play with the warriors his whole career SO FAR?Yes
92%
How tall is julius erving6'6"
91%
How tall is Giannis Antetokounmpo?6'11"
87%
What team did Michael Jordan retire on?Wizards
84%
How tall is lebron james?6'8"
83%
What team was Camelo anthony drafted byDenver nuggets
81%
What team was Kobe Bryant drafted by?Charlotte hornets
78%
How tall is Wilt Chamberlain7'1"
74%
What team did Wilt Chamberlain retire on?Lakers
50%
Which player is not humanAll of these players are not human
36%
What team did Scottie pipen retire on?Bulls
28%

Score Distribution

Percentile by Number Answered

Percent of People with Each Score

Your Score History

You have not taken this quiz